Копия доверительного письма МИД на имя министра финансов за № 30 по поводу политики России на Дальнем Востоке

RUSMARC
00004655cmc2a2200000#x 450
001b698fe52-1035-4095-af67-b6d97e7132c5
00520220824145826.0
100##$a20131011l18981898k y0rusy0189 ca
1010#$arus
102##$aRU
2250#$aВитте Сергей Юльевич.
$hОпись № 1
300##$aПапка 22. Документы касаемые взятия Порт-Артура
300##$aМашинописный текст
325##$aКопия
801#0$aRU
$bРГИА
$c20131011
801#1$aRU
$bГлавНИВЦ
$c20131011
$2rusmarc
801#2$aRU
$bПБ им. Б.Н. Ельцина
$c20131030
$gRCR
$2rusmarc
850##$aФедеральное казенное учреждение "Российский государственный исторический архив" (РГИА)
852##$aРГИА
$j130
937##$aASBIBLIO_SCAN
$bРГИА_1622:_1:_130:
$d6390686
$hРГИА
2001#$aКопия доверительного письма МИД на имя министра финансов за № 30 по поводу политики России на Дальнем Востоке
$j17 января 1898 г.
215##$a2 листа
035##$ab698fe52-1035-4095-af67-b6d97e7132c5
1220#$ad18980117##
251##$cДело
461#0$100152367970-da79-48de-9412-6d960f64633d
$12001
$aВитте, гр. Сергей Юльевич (1849-1915), Министр путей сообщения, Министр финансов, Председатель Комитета министров, Председатель Совета министров
$1251
$cФонд
$1852
$j1622
462#0$10013a4aa6d7-af7e-4aff-90e0-428ab4e2cab0
$12001
$a1845-1930 гг.
$vД. 130
$1251
$cОпись
$1852
$j1
607##$2nlr_sh
$3RU\NLR\AUTH\661414324
$aРоссия
$yДальний Восток
$xПолитика и управление
$z19 - нач. 20 вв.
605##$aТерритория
$lколлекция
$2acquisition_Prlib
$3DITM\AF\0000004675
605##$aДальний Восток: точка притяжения
$lколлекция
$2acquisition_Prlib
$3LIBNET\UAF\0000102488
686##$2rubbk
$a63.3(285.5)53
$vLBC/M
Формат отображения